Personnalités francophones par initiales - G - Statistiques

Statistiques générales
  • Ce quiz a été pris 93 fois
  • Le résultat moyen est 12 sur 19
Statistiques - réponses
Indice Réponse % Correct
GJ Acteur qui a joué dans Les Bronzés et Les Choristes Gérard Jugnot
94%
GE Architecte de la Dame de Fer Gustave Eiffel
94%
GP Deuxième président de la Ve République Georges Pompidou
84%
GF Auteur de Madame Bovary Gustave Flaubert
81%
GD Il a dansé la Carioca avec Alain Chabat Gérard Darmon
76%
GB Gare au gorille ! Georges Brassens
75%
GH Il joue Raymond dans Scènes de ménages Gérard Hernandez
71%
GM Tennisman ayant été deux fois en finale pour la Coupe Davis Gaël Monfils
67%
GU Acteur d'Un long dimanche de fiançailles, il est mort d'un accident de ski en 2022 Gaspard Ulliel
67%
GA Poète qui a écrit le recueil Alcools Guillaume Apollinaire
67%
GL Un des deux présentateurs d'Intervilles Guy Lux
64%
GV Journaliste et chroniqueur de Touche pas à mon poste ! Gilles Verdez
63%
GR Chanteur du groupe Louise Attaque Gaëtan Roussel
58%
GO Réalisateur de La Grande Vadrouille et de Les Aventures de Rabbi Jacob Gérard Oury
53%
GC Il était surnommé "Le Tigre" Georges Clemenceau
49%
GG Il a joué dans Astérix et Obélix : Au service de Sa Majesté et Yves Saint Laurent Guillaume Gallienne
42%
GN Poète romantique, auteur des Chimères et grand ami de T.Gautier Gérard de Nerval
29%
GS Peintre inventeur de la technique du pointillisme Georges Seurat
20%
GT Résistante, elle est entrée au Panthéon en 2015 Germaine Tillion
17%
Aucun quiz correspondant
Distribution des résultats
% des personnes avec chaque résultat
Percentile par nombre de réponses
Votre historique - résultats
Vous n’avez pas pris ce quiz